Chat Acronyms (Obscure) Quiz Stats

 Plays Quiz Updated Oct 6, 2018

Score 0/29 Timer 05:00
0 Plays Today
Acronym Translation % Correct
2moroTomorrow
92%
4everForever
91.7%
2niteTonight
91.3%
BFFBest Friends Forever
86.9%
BYOBBring Your Own Bottle
56.5%
BRTBe Right There
28.8%
AFKAway From Keyboard
25.4%
B4YKIBefore You Know It
22.4%
4NRForeigner
16.9%
BZBusy
16%
14AA41One for All and All for One
15.9%
DIKUDo I Know You
9.1%
AFAICTAs Far As I Can Tell
8.4%
182I Hate you
8%
BTWBOBe There With Bells On
8%
Acronym Translation % Correct
AAMOFAs A Matter Of Fact
5.1%
BKABetter Known As
2.5%
AAKAsleep At Keyboard
1.8%
CICYHWCan I Copy Your Homework
1.6%
DGTGDon't Go There Girlfriend
1.3%
ADIHAnother Day in Hell
1%
CAACCool as a Cucumber
1%
BTHOOMBeats the Heck Out of Me
0.9%
AWHFYAre We Having Fun Yet
0.8%
CYMCheck Your Mail
0.8%
CTACall To Action
0.7%
CLMCareer Limiting Move
0.6%
COSChange of Subject
0.6%
CWOTComplete Waste Of Time
0.6%

You're not logged in!

Compare scores with friends on all Sporcle quizzes.
OR
Log In

Sporcle TV

Today on Sporcle TV


Watch our educational content, quiz creation guides, and fun videos on Sporcle TV.

Show Comments

Extras

Top Quizzes Today


Score Distribution

Your Account Isn't Verified!

In order to create a playlist on Sporcle, you need to verify the email address you used during registration. Go to your Sporcle Settings to finish the process.

Report this User

Report this user for behavior that violates our Community Guidelines.

Details: